| 000 -LEADER |
| fixed length control field |
00738nam a22001697a 4500 |
| 005 - DATE AND TIME OF LATEST TRANSACTION |
| control field |
20231025151103.0 |
| 008 - FIXED-LENGTH DATA ELEMENTS--GENERAL INFORMATION |
| fixed length control field |
231025s1968 ru ||||| |||| 00| 0 ru d |
| 041 ## - LANGUAGE CODE |
| Language code of text/sound track or separate title |
rus |
| 080 ## - UNIVERSAL DECIMAL CLASSIFICATION NUMBER |
| Universal Decimal Classification number |
72(084)+904(084) M-69 |
| 100 ## - MAIN ENTRY--PERSONAL NAME |
| Personal name |
Михайловский, Казимеж |
| 9 (RLIN) |
20246 |
| 245 ## - TITLE STATEMENT |
| Title |
Пальмира: |
| Remainder of title |
[Альбом]/ |
| Statement of responsibility, etc. |
Автор текста: Казимеж Михайловский; Авторы фотографий: Анджей Дзевановский |
| 264 ## - PRODUCTION, PUBLICATION, DISTRIBUTION, MANUFACTURE, AND COPYRIGHT NOTICE |
| Place of production, publication, distribution, manufacture |
Варшава: |
| Name of producer, publisher, distributor, manufacturer |
Аркады, |
| Date of production, publication, distribution, manufacture, or copyright notice |
1968. |
| 300 ## - PHYSICAL DESCRIPTION |
| Extent |
32 ст.: |
| Other physical details |
89 ст. ил. |
| Dimensions |
29 cm. |
| 653 ## - INDEX TERM--UNCONTROLLED |
| keyword |
არქიტექტურა |
| 700 ## - ADDED ENTRY--PERSONAL NAME |
| Personal name |
Дзевановский, Анджей |
| Relator term |
ფოტოგრაფი |
| 9 (RLIN) |
20244 |
| 942 ## - ADDED ENTRY ELEMENTS (KOHA) |
| Source of classification or shelving scheme |
|
| Koha item type |
წიგნი |